000
00304nam a2200121Ia 4500
008
220204s9999 xx 000 0 und d
082
_a
542.91
_b
MIL.1
245
0
_a
Interfacial synthesis. V 1
260
_a
New York
_b
Marcel Dekker
_c
1977
700
_a
Carraher, Charles E
700
_a
Frank
942
_c
BK
999
_c
26323
_d
26323